Marketing (Registro nro. 5510)
[ vista simple ]
| 000 -Cabecera | |
|---|---|
| Campo de control de longitud fija | 00889ata a2200373 4500 |
| 005 - Fecha y hora de la última transacción | |
| Campo de control | 20240307184908.0 |
| 008 - Elementos de longitud fija--Información general | |
| Campo de control de longitud fija | 150514b xxu||||| |||| 00| 0 spa d |
| 020 ## - International Standard Book Number | |
| Número Internacional Estándar del Libro (ISBN) | 9789586990226 |
| 041 ## - Idioma | |
| Código de idioma | Español |
| 082 ## - Clasificación Decimal Dewey | |
| Número de clasificación | 658.8 S688m2 |
| 100 ## - Entrada principal--Autor personal | |
| Nombre personal | R. Solomon, Michael |
| 100 ## - Entrada principal--Autor personal | |
| Nombre personal | W. Stuart, Elnora |
| 245 ## - Título propiamente dicho | |
| Título | Marketing |
| 250 ## - Edición | |
| Mención de edición | 2 edición |
| 260 ## - Pie de imprenta | |
| Lugar de publicación, distribución, etc. | Colombia |
| 260 ## - Pie de imprenta | |
| Nombre del editor, distribuidor, etc. | Prentice-Hall |
| 260 ## - Pie de imprenta | |
| Fecha de publicación, distribución, etc. | 2001 |
| 300 ## - Descripción física | |
| Extensión | 624 páginas |
| 650 ## - Materia general | |
| Temática (materia general) | MERCADEO |
| 650 ## - Materia general | |
| Temática (materia general) | MARKETING |
| 650 ## - Materia general | |
| Temática (materia general) | PLANEACIÓN ESTRATÉGICA |
| 650 ## - Materia general | |
| Temática (materia general) | CALIDAD |
| 650 ## - Materia general | |
| Temática (materia general) | COMPORTAMIENTO DEL CONSUMIDOR |
| 650 ## - Materia general | |
| Temática (materia general) | INVESTIGACIÓN DE MERCADOS |
| 650 ## - Materia general | |
| Temática (materia general) | BIENES Y SERVICIOS |
| 650 ## - Materia general | |
| Temática (materia general) | MERCADEO DE SERVICIOS |
| 650 ## - Materia general | |
| Temática (materia general) | PUBLICIDAD |
| 650 ## - Materia general | |
| Temática (materia general) | VENTAS |
| 650 ## - Materia general | |
| Temática (materia general) | RELACIONES PÚBLICAS |
| 942 ## - Punto de acceso adicional KOHA | |
| Tipo de ítem KOHA | Libro |
| Fuente del sistema de clasificación o colocación | Dewey Decimal Classification |
| Signatura completa | Código de barras | Programa Académico | Tipo de ítem |
|---|---|---|---|
| 658.8 S688m2 | 9416 | Libro |